Microsoft Office Access 2003 : A Professional Approach, Comprehensive (Student Edition)
This kind of book can be used in conjunction with an instructor-led course too. However, if you cannot find a good course in your area, or cannot afford one, these books are the best for learning on your own.
Salvato in:
| Autore principale: | |
|---|---|
| Natura: | Libro |
| Lingua: | Undetermined |
| Pubblicazione: |
Boston
McGraw-Hill
2005
|
| Soggetti: | |
| Tags: |
Aggiungi Tag
Nessun Tag, puoi essere il primo ad aggiungerne! !
|
| Thư viện lưu trữ: | Trung tâm Học liệu Trường Đại học Cần Thơ |
|---|
| LEADER | 00895nam a2200229Ia 4500 | ||
|---|---|---|---|
| 001 | CTU_212700 | ||
| 008 | 210402s9999 xx 000 0 und d | ||
| 082 | |a 005.713 | ||
| 082 | |b J91 | ||
| 100 | |a Juarez, Jon | ||
| 245 | 0 | |a Microsoft Office Access 2003 : | |
| 245 | 2 | |b A Professional Approach, Comprehensive (Student Edition) | |
| 245 | 0 | |c Jon Juarez, John Carter, Kathleen Stewart | |
| 260 | |a Boston | ||
| 260 | |b McGraw-Hill | ||
| 260 | |c 2005 | ||
| 520 | |a This kind of book can be used in conjunction with an instructor-led course too. However, if you cannot find a good course in your area, or cannot afford one, these books are the best for learning on your own. | ||
| 650 | |a Database management,Databases | ||
| 650 | |x Computer programs,Access control | ||
| 904 | |i Qhieu | ||
| 910 | |a Sách kèm đĩa AV.002083 | ||
| 980 | |a Trung tâm Học liệu Trường Đại học Cần Thơ | ||